000 00269nam a22001217a 4500
040 _cSY
082 _a668
100 _aNA
245 _aLaboratory training, management and water quality and nutrient analysis
260 _aRUA
_bNA
_c1998
300 _a44p.
942 _cKB
999 _c9391
_d9391